| 000 | 00477nam a2200157Ia 4500 | ||
|---|---|---|---|
| 008 | 220217s9999 xx 000 0 und d | ||
| 245 | 0 | _aRaw rubber and rubber latex- Determination of manganese content- Potassium periodate photometric method. | |
| 260 | _c1975 | ||
| 500 | _aStandard number: ISO 1655 | ||
| 650 | _a Manganese content | ||
| 650 | _a Photometric method | ||
| 650 | _a Potassium periodate | ||
| 650 | _a Raw rubber | ||
| 650 | _a Rubber latex | ||
| 942 | _cST | ||
| 999 |
_c74035 _d74035 |
||